[Event "Bayernliga U20 1112"]
[Site "Bayern"]
[Date "2012.01.21"]
[Round "4.4"]
[White "Karl, Christian"]
[Black "Milling, Manuel"]
[Result "1-0"]
[WhiteElo "1619"]
[BlackElo "1715"]
[PlyCount "72"]
[EventDate "2011.11.12"]
[EventType "team-swiss"]
[EventRounds "7"]
[EventCountry "GER"]
[SourceTitle "EXT 2022"]
[Source "ChessBase"]
[SourceDate "2021.10.06"]
[SourceVersion "1"]
[SourceVersionDate "2021.10.06"]
[SourceQuality "1"]
[WhiteTeam "Kelheim SK U20"]
[BlackTeam "Klosterlechfeld U20"]
[WhiteTeamCountry "GER"]
[BlackTeamCountry "GER"]

1. e4 e5 2. Nf3 Nc6 3. Bc4 Bc5 4. Nc3 d6 5. d3 Be6 6. Bb3 Nf6 7. Na4 Bb6 8. Nxb6 axb6 9. c3 d5 10. exd5 Bxd5 11. Bxd5 Qxd5 12. 0-0 Rxa2 13. c4 Qa5 14. Rxa2 Qxa2 15. Re1 Qa5 16. Bf4 0-0 17. Bxe5 Nxe5 18. Rxe5 Qb4 19. Qd2 Qxd2 20. Nxd2 Rd8 21. Re3 Kf8 22. f3 Rd6 23. Ne4 Nxe4 24. fxe4 Rd8 25. Kf2 Ra8 26. Re1 Ke7 27. Ke3 Ra5 28. Kd4 g6 29. e5 Ke6 30. g4 h5 31. g5 Kf5 32. Rf1+ Ke6 33. h3 Rxe5 34. Rf6+ Ke7 35. Kxe5 c6 36. d4 c5 1-0

[Event "Oberpfalz-ch M3"]
[Site "Roding"]
[Date "2010.03.30"]
[Round "7"]
[White "Vilsmeier, Dominik"]
[Black "Karl, Christian"]
[Result "1-0"]
[WhiteElo "1306"]
[BlackElo "1201"]
[PlyCount "31"]
[EventDate "2010.03.27"]
[EventType "swiss"]
[EventRounds "8"]
[EventCountry "GER"]
[SourceTitle "EXT 2012"]
[Source "ChessBase"]
[SourceDate "2011.11.24"]
[SourceVersion "1"]
[SourceVersionDate "2011.11.24"]
[SourceQuality "1"]

1. d4 d5 2. c4 Nf6 3. Nc3 e6 4. Bg5 Be7 5. e3 c5 6. Nf3 Nc6 7. Rc1 b6 8. Bd3 Bb7 9. 0-0 h6 10. Bh4 g5 11. Bg3 Nd7 12. cxd5 exd5 13. Nxd5 Nxd4 14. Nc7+ Kf8 15. Nxd4 cxd4 16. Nxa8 1-0

[Event "Oberpfalz-ch M3"]
[Site "Regensburg"]
[Date "2004.04.06"]
[Round "7.29"]
[White "Karl, Christian"]
[Black "Bryant, David"]
[Result "0-1"]
[WhiteElo "786"]
[BlackElo "965"]
[PlyCount "42"]
[EventDate "2004.04.03"]
[EventType "swiss"]
[EventRounds "8"]
[EventCountry "GER"]
[SourceTitle "EXT 2022"]
[Source "ChessBase"]
[SourceDate "2021.10.06"]
[SourceVersion "1"]
[SourceVersionDate "2021.10.06"]
[SourceQuality "1"]

1. e4 e5 2. Nf3 Nc6 3. d4 exd4 4. Nxd4 g6 5. Nc3 Bg7 6. Be3 Nf6 7. Bd3 d6 8. 0-0 a6 9. a3 Nd7 10. Nce2 Nde5 11. Nxc6 bxc6 12. Bd4 0-0 13. h3 c5 14. Be3 c4 15. Bxc4 Nxc4 16. Qd5 Be6 17. Qc6 Nxe3 18. fxe3 Bxb2 19. Rab1 Bg7 20. Nf4 Qc8 21. Qa4 Bd7 0-1